Eficiencia energética : (Registro nro. 15553)

Detalles MARC
000 -LEADER
fixed length control field 01268nam a22002537a 4500
003 - CONTROL NUMBER IDENTIFIER
control field OSt
005 - DATE AND TIME OF LATEST TRANSACTION
control field 20210608102438.0
008 - FIXED-LENGTH DATA ELEMENTS--GENERAL INFORMATION
fixed length control field 210608s1996 ck ad||gr|||| 00| 0dspa d
020 ## - INTERNATIONAL STANDARD BOOK NUMBER
International Standard Book Number 9589272738
040 ## - CATALOGING SOURCE
Original cataloging agency CO-JMCR
Transcribing agency CO-JMCR
041 0# - LANGUAGE CODE
Language code of text/sound track or separate title spa
082 04 - DEWEY DECIMAL CLASSIFICATION NUMBER
Classification number 333.79 /
Item number S669e
Edition number 23
100 1# - MAIN ENTRY--PERSONAL NAME
Personal name Sánchez Triana, Ernesto,
Relator term autor
9 (RLIN) 16026
245 10 - TITLE STATEMENT
Title Eficiencia energética :
Remainder of title producción limpia para un desarrollo sustentable /
Statement of responsibility, etc. Ernesto Sánchez Triana y Carlos M. Silva
250 ## - EDITION STATEMENT
Edition statement Primera edición
260 ## - PUBLICATION, DISTRIBUTION, ETC.
Place of publication, distribution, etc. Bogotá :
Name of publisher, distributor, etc. Fescol,
Date of publication, distribution, etc. 1996
300 ## - PHYSICAL DESCRIPTION
Extent 120 páginas :
Other physical details ilustraciones y gráficas a blanco y negro;
Dimensions 25 cm
500 ## - GENERAL NOTE
General note Incluye datos biográficos de los autores.
504 ## - BIBLIOGRAPHY, ETC. NOTE
Bibliography, etc. note Bibliografía: páginas 119-120
505 0# - FORMATTED CONTENTS NOTE
Formatted contents note Energía eléctrica y su impacto ambiental -- Evolución de las prácticas de ahorro y uso racional de energía -- Manejo eficiente de energía en los sectores residencial, comercial e institucional -- Manejo eficiente de energía en el sector industrial -- Sistemas alternativos de generación de energía eléctrica -- Evolución de la demanda de energía eléctrica
650 14 - SUBJECT ADDED ENTRY--TOPICAL TERM
Topical term or geographic name entry element Recursos energéticos
General subdivision Aspectos ambientales
Geographic subdivision Colombia
9 (RLIN) 38171
700 1# - ADDED ENTRY--PERSONAL NAME
Personal name Silva, Carlos M.,
Relator term autor
9 (RLIN) 38172
942 ## - ADDED ENTRY ELEMENTS (KOHA)
Source of classification or shelving scheme Dewey Decimal Classification
Koha item type Books
Existencias
Withdrawn status Lost status Source of classification or shelving scheme Damaged status Not for loan Collection code Home library Current library Date acquired Source of acquisition Total Checkouts Full call number Barcode Date last seen Copy number Price effective from Koha item type
    Dewey Decimal Classification     Non-fiction Biblioteca Pública José María del Castillo y Rada Biblioteca Pública José María del Castillo y Rada 04/15/2018 Donación   333.79 / S669e 430003639 05/16/2024 Ej.1 06/08/2021 Books